[Event "Daventry Robinson Cup U14"]
[Site "Daventry"]
[Date "2016.07.18"]
[Round "2.1"]
[White "Qiu, Anlan"]
[Black "Howell, Oliver W"]
[Result "1-0"]
[WhiteElo "1567"]
[BlackElo "1506"]
[PlyCount "133"]
[EventDate "2016.07.18"]
[EventType "team-schev"]
[EventRounds "5"]
[EventCountry "ENG"]
[SourceTitle "EXT 2020"]
[Source "ChessBase"]
[SourceDate "2019.10.17"]
[SourceVersion "1"]
[SourceVersionDate "2019.10.17"]
[SourceQuality "1"]
[WhiteTeam "Wales"]
[BlackTeam "England"]
[WhiteTeamCountry "WLS"]
[BlackTeamCountry "ENG"]

1. e4 e6 2. d3 d5 3. Nd2 Nf6 4. Ngf3 Be7 5. g3 0-0 6. Bg2 Nc6 7. 0-0 Re8 8. e5 Nd7 9. Re1 f6 10. exf6 Bxf6 11. Nb3 a5 12. a4 Qe7 13. d4 Qf7 14. c3 b6 15. Bf4 Ra7 16. Nc1 Ba6 17. Nd3 Bxd3 18. Qxd3 Nf8 19. Ne5 Bxe5 20. Bxe5 Nxe5 21. dxe5 Nd7 22. f4 c5 23. Qf3 c4 24. g4 Nc5 25. f5 Rd7 26. f6 gxf6 27. exf6 Ne4 28. Qe3 Qxf6 29. Bxe4 dxe4 30. Qxe4 Rd2 31. Re2 Red8 32. Rf1 Rd1 33. Ree1 Rxe1 34. Qxe1 Qe7 35. Qe3 Re8 36. Qxb6 Qg5 37. Qd4 Rc8 38. Qf4 Qc5+ 39. Rf2 e5 40. Qf7+ Kh8 41. Qf6+ Kg8 42. Kg2 Qc6+ 43. Qxc6 Rxc6 44. Rf5 Rb6 45. Rf2 Kg7 46. h4 Kg6 47. Kf3 Kf6 48. Ke4+ Ke6 49. g5 Ke7 50. Kxe5 h6 51. gxh6 Rxh6 52. Rf4 Rh5+ 53. Kd4 Kd6 54. Kxc4 Rc5+ 55. Kd4 Rd5+ 56. Ke3 Ke5 57. h5 Ke6 58. Rh4 Kf6 59. h6 Rd8 60. h7 Rh8 61. Kd4 Rd8+ 62. Kc4 Rc8+ 63. Kb5 Rb8+ 64. Kxa5 Ra8+ 65. Kb4 Rb8+ 66. Ka3 Kg7 67. h8Q+ 1-0

[Event "Tom Weston Major op"]
[Site "Cardiff"]
[Date "2016.03.25"]
[Round "1"]
[White "Harle, Bill"]
[Black "Qiu, Anlan"]
[Result "1-0"]
[WhiteElo "1831"]
[BlackElo "1551"]
[PlyCount "105"]
[EventDate "2016.03.25"]
[EventType "swiss"]
[EventRounds "7"]
[EventCountry "WLS"]
[SourceTitle "EXT 2018"]
[Source "ChessBase"]
[SourceDate "2017.10.13"]
[SourceVersion "1"]
[SourceVersionDate "2017.10.13"]
[SourceQuality "1"]

1. d4 Nf6 2. Nf3 g6 3. g3 Bg7 4. Bg2 0-0 5. 0-0 d6 6. b3 Nbd7 7. Bb2 c6 8. Nbd2 Qc7 9. Rc1 e5 10. e3 Re8 11. c4 exd4 12. Nxd4 Nc5 13. Nb1 Ne6 14. Qd2 Nxd4 15. Bxd4 Be6 16. Rfd1 Rad8 17. Qb2 Nh5 18. Bxg7 Nxg7 19. Nc3 Qe7 20. Ne4 Nh5 21. Nc3 f5 22. Rd2 Rd7 23. Rcd1 Red8 24. Qa3 Nf6 25. Qxa7 d5 26. cxd5 cxd5 27. Qd4 Ne4 28. Nxe4 dxe4 29. Qb2 Qb4 30. Rxd7 Rxd7 31. Rxd7 Bxd7 32. Qc1 Qa5 33. a3 Kf7 34. Bf1 Qb6 35. Bc4+ Be6 36. Bxe6+ Kxe6 37. Qc4+ Kd6 38. Kf1 Qc5 39. Qxc5+ Kxc5 40. Ke2 Kd5 41. Kd2 Kc6 42. Kc3 Kc5 43. a4 h6 44. b4+ Kd5 45. h4 g5 46. hxg5 hxg5 47. Kb3 Ke5 48. Kc4 f4 49. gxf4+ gxf4 50. Kc5 Ke6 51. a5 f3 52. b5 Kf5 53. Kd5 1-0